000 01109nam a2200337 c 4500
999 _c23960
_d23960
001 23960
003 ES-MaCES
005 20190723111559.0
008 110824s2007 sp d t 000 | spa d
035 _aCES20110006691m
040 _aES-MaCES
_bspa
_cES-MaCES
245 0 3 _aLa creación de empresas en España
_b: un enfoque sectorial y territorial : [Programa Investigaciones EOI Escuela de Negocios]
260 _a[Madrid]
_bEOI
_c2007
300 _a143 h.
_bgráf. col.
_c30 cm
500 _aEl 2º subtít. tomado de la cub
504 _aBibliografía: h. 139-143
541 _cGratuito
650 4 _aempresario
_928188
650 4 _acreación de empresa
_930016
650 4 _atamaño de la empresa
_928185
650 4 _aespecialización de la producción
_928246
650 4 _asector económico
_930015
650 4 _anivel regional
_930617
650 4 _aEspaña
_926964
650 4 _928178
_aempresa
653 1 0 _aEmpresa
710 2 _aEscuela de Organización Industrial
_eed.
_92702
902 _aLIB Libro
942 _2CES
_cBK
_h0.0.